| 000 | 00252 a2200109 4500 | ||
|---|---|---|---|
| 999 |
_c243366 _d243366 |
||
| 001 | 8293 | ||
| 003 | NUST | ||
| 005 | 20180118184921.0 | ||
| 008 | 180118b xxu||||| |||| 00| 0 eng d | ||
| 082 | _a910.4 TOU | ||
| 100 |
_aToumelin, J D _98965 |
||
| 245 |
_aKurun: Around the world _hEnglish |
||
| 260 |
_bRupert _a1954 |
||
| 942 |
_aNUST-CAE _cBK _cBK _k910.4 TOU _2ddc |
||